zpět

Detail výsledku týmu

Na Dobrým místě, Úvaly

Datum a čas kvízu

22 Celkem bodů Celkový počet nahraných bodů na tomto kvízu bez doplňovacích otázek.
4. Pořadí na kvízu Konečné umístění týmu na tomto kvízu.

Zaznamenané odpovědi

# Otázka Odpověď Body Výsledky
1. Jedna státní instituce prostře... Státní ústav pro kontrolu léčiv 0
2. Na letišti v Helsinkách začali... psi 0
3. V pondělí bylo v pražském hist... Divadlo Lucie Bílé 0
4. Velká potravinářská společnost... PepsiCo 1
5. Cale Makar, obránce týmu Color... Dominik Kubalík 1
6. Podle zdroje vody se rybníky d... říční rybník 0
7. Na obrázku vidíme u nás velmi... okoun 0
8. Jak se jmenuje červeně vyznače... Svět 1
9. Většina rybníků disponuje jist... česle / česlice 0
10. Největším českým rybníkem je s... Lužnice 0